000 01045nmm a2200313 a 4500
001 ocm000906571
003 TR-IsHL
005 20201028144828.0
008 141121s2013 tu tur
007 cr cn
020 _a9786055394615
035 _a906571
_b(N$T)
050 0 4 _aBP189.7.M42
_bK372 2013
090 0 4 _aBP189.7.M42
_bK372 2013
100 1 _aKaraköse, Şaban
245 1 0 _aHz. Mevlana Aşkın Hayat: ilk kaynaklara göre Hz. Mevlana’nın hayatı
_h[electronic resource] /
_cŞaban Karaköse
260 _aİstanbul :
_bYediveren Yayınları,
_c2013
300 _a225 p.
650 4 _aFelsefe, Psikoloji ve Din
650 4 _aPhilosophy, Psychology and Religion
650 0 _aMevlana Celalettin Rumi, 1207-1273
650 0 _aJalal al-Din Rumi, Maulana, 1207-1273
650 0 _aTasavvuf
650 0 _aMevlevilik
650 0 _aSufism
650 0 _aMevleviyeh
650 7 _aRELIGION / Islam / Sufi
_2bisacsh
856 4 0 _uhttp://search.ebscohost.com/login.aspx?direct=true&scope=site&db=e011xww&AN=906571
999 _c9635
_d9635